Statistiques concernant Pays d'Afrique en une minute

Cliquez ici pour prendre le quiz!

Statistiques générales

  • Ce quiz a été pris 41 270 fois
  • Le résultat moyen est 24 sur 54

Réponses sur la Carte

Les réponses sont colorées sur une échelle allant du rouge au vert en fonction du pourcentage des utilisateurs qui les ont devinées à leur premier essai. Vous pouvez retrouver ces pourcentages ci-dessous.
Chargement ...
 

Statistiques - réponses

Pays% Correct
Algérie
94%
Maroc
94%
Égypte
87%
Tunisie
87%
Libye
79%
Mali
73%
République Démocratique
du Congo
69%
Soudan
69%
République du Congo
68%
Niger
65%
Afrique du Sud
60%
Somalie
60%
Nigeria
59%
Mauritanie
58%
Tchad
58%
Sénégal
56%
Éthiopie
54%
Togo
52%
Madagascar
49%
Soudan du Sud
49%
Guinée
48%
Bénin
43%
Ghana
43%
Kenya
43%
Angola
42%
Érythrée
39%
Cameroun
37%
Gabon
37%
Gambie
37%
Namibie
35%
Côte d'Ivoire
34%
Tanzanie
34%
Lesotho
32%
Zambie
32%
Djibouti
31%
Cap-Vert
30%
Burkina Faso
29%
Mozambique
29%
Rwanda
29%
Liberia
26%
Guinée-Bissau
25%
République Centrafricaine
25%
Malawi
24%
Ouganda
24%
Burundi
23%
Zimbabwe
23%
Botswana
22%
Comores
22%
Eswatini
21%
Sierra Leone
21%
Maurice
18%
Sao Tomé-et-Principe
18%
Seychelles
18%
Guinée Équatoriale
17%

Distribution des résultats

Percentile par nombre de réponses

% des personnes avec chaque résultat

Votre développement - résultats

Vous n’avez pas pris ce quiz